000 00618nam a2200205 4500
003 OSt
005 20240703054136.0
006 a
008 240703b |||||||| |||| 00| 0 eng d
040 _aDWCL-Main lib.
_cOC
082 _aFil. 616.1 J68h 1992
100 _aJohnson, Marilyn
245 _aThe heart of the matter : what you really need to know about heart attack /
260 _aManila :
_bPhilippine Pub. House,
_cc1992.
300 _b141 p. : ill. ;
_c23 cm.
650 _a1. Heart attack.
650 _a2. Heart diseases-Prevention.
650 _a3. Heart diseases.
942 _2ddc
_n0
_cBK - FIL
_kFil.
999 _c1871
_d1871